000 00726nam a2200205Ii 4500
003 JO-AjNU
008 230605s9999||||xx |||||||||||||| ||und||
040 _aJO-AjNU
_bara
_erda
_cJO-AjNU
041 _aara
050 1 4 _aBF721.R3534.2006
100 3 _aالراميني،فواز فتح الله/اعداد ومراجعة,
_eauthor
_921818
245 0 0 _aسيكولوجية الطفل وتعلمه باللعب في المرحلة الأساسية
250 _aط1
264 3 1 _aالعين:دار الكتاب الجامعي ، 2006
300 _a131ص
336 _atext
_btxt
_2rdacontent
337 _aunmediated
_bn
_2rdamedia
338 _avolume
_bnc
_2rdacarrier
650 4 _aالاطفال-علم النفس
_921819
999 _aA7644
_c11212
_d11212